000 01082nam a2200241Ia 4500
003 Ost
005 20260507075410.0
008 260507s9999||||xx |||||||||||||| ||und||
020 _a7358169957
040 _cfsecg
041 _aara
082 _a330
100 _aالمحيسن، أسامة نائل
_eمؤلف
245 0 _aالوجيز في الشركات التجارية والإفلاس /
_c أسامة نائل المحيسن
260 _aعمان:
_bدار الثقافة,
_c2008
300 _a400 صفحة؛
_bإيضاحات ؛
_c24 سم
504 _aالمراجع ص.395
520 _aيضم الشركات، الأحكام العامة للشركات، شركات الأشخاص، شركات الأموال، الشركات ذات الطبيعة المختلطة، الافلاس، الصلح الواقي للافلاس، شهر الإفلاس، حلول قضايا التفليسة، اعادة الإعتبار الإفلاسي
653 _aالإفلاس
653 _aالشركات
653 _aالشركات التجارية
942 _cكتاب
999 _c44379
_d44379